000 00564cam a22002053a 4500
001 44871
003 PGUSA
005 20140828084026.0
008 140211s2014||||xxu|||||s|||||000 | eng d
040 _aPGUSA
_beng
042 _adc
100 1 _aJuva, Valter,
_d1865-1922
245 1 0 _aKuvia ja säveliä
_h[electronic resource] /
_cValter Juva
260 _bProject Gutenberg,
_c2014
506 _aPublic domain in the USA.
516 _aElectronic text
830 0 _aProject Gutenberg
_v44871
856 4 0 _uhttp://www.gutenberg.org/ebooks/44871
942 _cEB
999 _c274122
_d274122